| 000 | 00835cam a22002773a 4500 | ||
|---|---|---|---|
| 001 | 2571 | ||
| 003 | PGUSA | ||
| 005 | 20140828083016.0 | ||
| 008 | 010401s2001||||xxu|||||s|||||000 | eng d | ||
| 040 |
_aPGUSA _beng |
||
| 042 | _adc | ||
| 050 | 4 | _aPA | |
| 100 | 1 |
_aAristophanes, _d-450--388 |
|
| 245 | 1 | 0 |
_aPeace _h[electronic resource] / _cAristophanes |
| 260 |
_bProject Gutenberg, _c2001 |
||
| 506 | _aPublic domain in the USA. | ||
| 516 | _aElectronic text | ||
| 653 | _aAristophanes -- Translations into English | ||
| 653 | _aPeace treaties -- Drama | ||
| 653 | _aGreece -- History -- Peloponnesian War, 431-404 B.C. -- Drama | ||
| 653 | _aGreek drama (Comedy) -- Translations into English | ||
| 653 | _aComedies | ||
| 830 | 0 |
_aProject Gutenberg _v2571 |
|
| 856 | 4 | 0 | _uhttp://www.gutenberg.org/ebooks/2571 |
| 942 | _cEB | ||
| 999 |
_c231908 _d231908 |
||